000 00424nam a2200157 4500
001 121429
003 ES-MaACL
005 20230906191742.0
007 t|
008 070214s1976 sp r ||||1| spa d
100 1 _aPoradowski, Miguel.
_993110
245 1 3 _aEl marxismo en la teologĂ­a /
_cMiguel Poradowski.
260 _aMadrid :
_bSpeiro,
_c1976.
300 _a176 p. ;
_c22 cm.
852 _aES-MaACL
_jA-6302
_bR.95216
999 _c121429
_d121429